| 000 | 00708nac a22002051u 4500 | ||
|---|---|---|---|
| 008 | 100915t1960 nyu|||||r|||| 001 0 eng d | ||
| 010 | _a 59013202 | ||
| 020 | _a007Y851506 | ||
| 035 | _a(OCoLC)561165 | ||
| 082 |
_a629.83 _bAZZ _222 |
||
| 100 |
_aD'Azzo, John Joachim. _919201 |
||
| 245 | 1 | 0 |
_aFeedback Control System Analysis and Synthesis / _c John J. D'Azzo and Constantine H. Houpis. |
| 250 | _a2nd ed. | ||
| 260 |
_aNew York, _bMcGraw-Hill, _c1960. |
||
| 300 |
_a824 p. : _bill. ; _c24 cm. |
||
| 490 |
_919204 _aMcGraw-Hill Electrical and Electronic Engineering Series |
||
| 650 | 0 |
_aFeedback control systems. _919202 |
|
| 700 | 1 |
_aHoupis, Constantine H., _919203 |
|
| 942 |
_cBB _k629.83AZZ _2ddc |
||
| 999 |
_c1958 _d1958 |
||